Normal view
MARC view
Entry Genre/Form Term
001 - CONTROL NUMBER
- control field: 15502
003 - CONTROL NUMBER IDENTIFIER
- control field: OSt
005 - DATE AND TIME OF LATEST TRANSACTION
- control field: 20260416084734.0
008 - FIXED-LENGTH DATA ELEMENTS
- fixed length control field: 260416|| aca||aabn | a|a d
040 ## - CATALOGING SOURCE
- Original cataloging agency: OSt
- Transcribing agency: OSt
155 ## - HEADING--GENRE/FORM TERM
- Genre/form term: Chicken Wings
- General subdivision: Marketing
670 ## - SOURCE DATA FOUND
- Source citation: Work cat.: (OSt)2936: Arevalo, Jared Paul Q. author 5895, The establishment of the unli pak pak :, 2019
